1405 1312 1551 1045 1315 1964 1218 1278 1016 1324 1644 1178 1963 1918 1087 1326 1917 1289 1120 1202 1027 1494 1403 1833 1536 1965 1004 1658 1267 1172 1423 1848 1136 1809 1470 1692 1175 1744 1959 1999 1733 1675 1106 1704 1909 1728 1374 1673 1711 1768 1491 1679 1646 1245 1999 1099 1207 1468 1108 1687 1047 1349 1989 1934 1502 1882 1161 1660 1983 1412 1149 1712 1286 1670 1352 1411 1770 1822 1783 1458 1456 1278 1900 1424 1844 1864 1348 1350 1757 1029 1375 1508 1201 1904 1084 1268 1702 1157 1484 BCNSPRNW ULIB Ver.6.0+V

เปลี่ยนเป็นภาษาไทย

Change to English
 แสดงรายละเอียดบรรณานุกรม
  กลับหน้าหลัก

Brief Record : Get Marc (ISO 2709) : E-mail record : QR code < ปิดหน้าต่าง
LEADER : 00000nam 2200000uu 4500
001    13399123026
003     ULIB
008    020711s2550 th a 000 0 tha d
020    9789742052805
090    นว.^ก255พ
100    กรุง ญ.ฉัตร
245    พยาบาทหวาน /^cกรุง ญ.ฉัตร
250    พิมพ์ครั้งที่ 1
260    กรุงเทพฯ :^bคลังวิทยา,^c2550
300    304 หน้า
945    ^p150^l0^i021723
999    ^aทศพร
รายการนี้ยังไม่มีแท็ก
คุณยังไม่ได้ล็อกอิน คุณสามารถมีกิจกรรมร่วมกับเว็บไซต์ได้ แต่ต้องล็อกอินก่อน ::
  ล็อกอิน

รายการสื่อสารสนเทศ

ลำดับที่ ประเภท เลขเรียก/บาร์โค้ด สถานที่ สถานะ
1. นวนิยาย
นวนิยาย
นว.^ก255พ ฉ.1 
  Barcode: 021723
ห้องสมุดวิทยาเขตสวรรค์ประชารักษ์
►นวนิยาย
บนชั้น
  ขอยืม

BibComment


ยังไม่เคยถูกคอมเมนท์

คอมเมนท์ทรัพยากรรายการนี้
  คอมเมนท์: พยาบาทหวาน กรุง ..


 Copyright 2026. Bcnsprnw @Library